Radio Antennas and Propagation. (Record no. 8239)
[ view plain ]
| 000 -LEADER | |
|---|---|
| fixed length control field | 00531nam a22002057a 4500 |
| 003 - CONTROL NUMBER IDENTIFIER | |
| control field | OSt |
| 005 - DATE AND TIME OF LATEST TRANSACTION | |
| control field | 20231114101214.0 |
| 008 - FIXED-LENGTH DATA ELEMENTS--GENERAL INFORMATION | |
| fixed length control field | 231114b |||||||| |||| 00| 0 eng d |
| 020 ## - INTERNATIONAL STANDARD BOOK NUMBER | |
| International Standard Book Number | 0750637412 |
| 040 ## - CATALOGING SOURCE | |
| Original cataloging agency | MUST |
| Transcribing agency | MUST |
| 082 ## - DEWEY DECIMAL CLASSIFICATION NUMBER | |
| Classification number | 384.5 GUS 2004 |
| 100 ## - MAIN ENTRY--PERSONAL NAME | |
| Personal name | Gosling Willian |
| 9 (RLIN) | 16846 |
| 245 ## - TITLE STATEMENT | |
| Title | Radio Antennas and Propagation. |
| 260 ## - PUBLICATION, DISTRIBUTION, ETC. (IMPRINT) | |
| Place of publication, distribution, etc. | England |
| Name of publisher, distributor, etc. | Elsevier |
| Date of publication, distribution, etc. | 1998 |
| 300 ## - PHYSICAL DESCRIPTION | |
| Other physical details | vii,259p.ill. |
| Dimensions | 22cm. |
| 504 ## - BIBLIOGRAPHY, ETC. NOTE | |
| Bibliography, etc | Appendix,Index |
| 650 ## - SUBJECT ADDED ENTRY--TOPICAL TERM | |
| Source of heading or term | Radio Antennas and Propagation. |
| 654 ## - SUBJECT ADDED ENTRY--FACETED TOPICAL TERM | |
| Source of term | Purchase. |
| 942 ## - ADDED ENTRY ELEMENTS (KOHA) | |
| Source of classification or shelving scheme | Dewey Decimal Classification |
| Koha item type | Book |
| Withdrawn status | Lost status | Source of classification or shelving scheme | Damaged status | Not for loan | Home library | Current library | Date acquired | Total Checkouts | Full call number | Barcode | Date last seen | Price effective from | Koha item type | Source of acquisition | Inventory number |
|---|---|---|---|---|---|---|---|---|---|---|---|---|---|---|---|
| Dewey Decimal Classification | MUST Main Library | MUST Main Library | 03/07/2024 | 384.5 GUS 2004 | 2024-21706 | 03/07/2024 | 03/07/2024 | Book | Purchase | 2014/38073 | |||||
| Dewey Decimal Classification | Main Kihumuro Campus | Main Kihumuro Campus | 14/11/2023 | 384.5 GUS 2004 | 2023-0709 | 14/11/2023 | 14/11/2023 | Book |
